000
00241nam a22001217a 4500
003
SGT
082
_a
823
_b
BED
100
_a
BEDE ADAM
245
_a
GEORGE ELIOT
260
_a
LONDON
_b
PENGUIN PUB
_c
2009
300
_a
607
942
_2
ddc
_c
BK
999
_c
34072
_d
34072